Načítá se...

ENVIRONMENTAL IMPACTS OF CLAY MINING IN THE MANGALAPURAM GRAMA PANCHAYAT OF THIRUVANANTHAPURAM DISTRICT, KERALA - A GEOGRAPHICAL APPROACH

Mining activities undoubtedly contributes to industrial development which in turn boost the national development. On the other hand, the extraction of minerals from the surface of the earth may deteriorate the prevailing environmental conditions and that may take several forms. The present study is...

Celý popis

Podrobná bibliografie
Hlavní autor: Aneesh M R; Suresh S and Mani K
Médium: Printed Book
Vydáno: International Journal of Research in Economics and Social Sciences 2015
On-line přístup:http://10.26.1.76/ks/006012.pdf
LEADER 01533nam a22001337a 4500
100 |a Aneesh M R; Suresh S and Mani K  |9 37139 
245 |a ENVIRONMENTAL IMPACTS OF CLAY MINING IN THE MANGALAPURAM GRAMA PANCHAYAT OF THIRUVANANTHAPURAM DISTRICT, KERALA - A GEOGRAPHICAL APPROACH  
260 |b International Journal of Research in Economics and Social Sciences  |c 2015 
300 |b Volume 5, Issue 6 (June, 2015) 
520 |a Mining activities undoubtedly contributes to industrial development which in turn boost the national development. On the other hand, the extraction of minerals from the surface of the earth may deteriorate the prevailing environmental conditions and that may take several forms. The present study is an attempt to analyse the geo-environmental dynamics of clay mining in the Mangalapuram gramapanchayat of Thiruvananthapuram District, Kerala. This study incorporates primary as well as the secondary data sources. Vegetation differences are calculated by using NDVI technique with the help of USGS-Landsat Data such as TM and ETM+ for three different periods. NDVI results show that vegetative cover is decreasing drastically and at the same time bare soil area is increasing. Results show that clay mining areas are gradually increasing year by year creating pockmarked landscape with deep trenches and the problems of water contamination and water scarcity. 
856 |u http://10.26.1.76/ks/006012.pdf 
942 |c KS 
999 |c 87570  |d 87570 
952 |0 0  |1 0  |4 0  |7 0  |9 79880  |a MGUL  |b MGUL  |d 2016-07-23  |l 0  |r 2016-07-23  |w 2016-07-23  |y KS